LEADER 01582nam0 22003251i 450 001 UON00083052 005 20231205102435.601 010 $a34-470-4132-3 100 $a20020107d1999 |0itac50 ba 101 $ager 102 $aDE 105 $a|||| ||||| 200 1 $aUntersuchungen zur Uberlieferungsgeschichte der Horusstelen$eein Beitrag zur Religionsgeschichte Agyptens im 1. Jahrtausend v. Chr. / Heike Sternberg-El Hotabi 205 $a Wiesbaden : Harrassowitz$b1999 210 $a2 v.$cp. di tav. ; 30 cm 215 $aVol. 1: Textband. Vol. 2: Materialsammlung 316 $avol. 1$5IT-UONSI EGVII/009/062,1 316 $avol. 2$5IT-UONSI EGVII/009/062,2 410 1$1001UON00066094$12001 $aAegyptologische Abhandlungen$fHerausgegeben von Wolfgang Helck$v62 606 $aRELIGIONI$xEgitto antico$xI mill. a.C.$3UONC025216$2FI 606 $aSTELE ARPOCRATEE$xStudio tipologico$3UONC025217$2FI 620 $aDE$dWiesbaden$3UONL003153 700 1$aSTERNBERG-El HOTABI$bHeike$3UONV054719$0662360 712 $aHarrassowitz$3UONV245869$4650 801 $aIT$bSOL$c20240220$gRICA 912 $aUON00083052 950 $aSIBA - SISTEMA BIBLIOTECARIO DI ATENEO$dSI EG VII 009/062,1 $eSI AA 22976 5 009/062,1 vol. 1 950 $aSIBA - SISTEMA BIBLIOTECARIO DI ATENEO$dSI EG VII 009/062,2 $eSI AA 22977 5 009/062,2 vol. 2 996 $aUntersuchungen zur Uberlieferungsgeschichte der Horusstelen$91295872 997 $aUNIOR